Statistics for 2019 Movie Trivia

Click here to take the quiz!

General Stats

  • This quiz has been taken 491 times
  • The average score is 12 of 20

Answer Stats

QuestionAnswer% Correct
What DC character earned Joaquin Phoenix an Oscar?Joker
95%
"Rocketman" is the biopic of what British singer?Elton John
90%
What movie did "Avengers: Endgame" surpass to become the
highest-grossing movie of all time?
Avatar
86%
What language was mainly spoken in the movie "Parasite"?Korean
84%
What Pixar series released its fourth episode?Toy Story
83%
What martial artist did Cliff Booth defeat in "Once Upon a Time in Hollywood"?Bruce Lee
70%
What is the job of Daniel Craig's character in "Knives Out"?Detective
70%
What Sam Mendes war-movie is shot as if the whole movie is one-shot?1917
66%
Who directed "The Irishman"?Martin Scorsese
61%
Who is the leading star of "Uncut Gems"?Adam Sandler
60%
What animal's name is given to Jojo Betzler in Taika Waititi's movie?Rabbit
57%
In what type of story do Scarlett Johansson and Adam Driver play as couples?Marriage Story
54%
In what movie do Robert Pattinson and Willem Dafoe live on a mysterious island?The Lighthouse
52%
Which of the Louisa May Alcott novels was adapted into a movie for the 4th time?Little Women
50%
What is the name of the Star Wars episode that was released in 2019?The Rise of Skywalker
49%
Dr. Smolder Bravestone and Ruby Roundhouse are characters in what movie?Jumanji: The Next Level
39%
In what French town does the 24 hours of race take place in "Ford v Ferrari"?Le Mans
35%
What movie starred Charlize Theron, Morgot Robbie and Nicole Kidman?Bombshell
26%
What pathetic Tom Hooper movie was one of the biggest flops in 2019?Cats
15%
In what movie do a family not tell their grandmother Nai Nai that she's got cancer?The Farewell
15%

Score Distribution

Percentile by Number Answered

Percent of People with Each Score

Your Score History

You have not taken this quiz